000
00320 a2200157 4500
001
162171
020
_a
040
_c
Magnum
100
_a
Roku
240
1
0
_a
Os elos da matematica/v.3
_l
por
245
1
0
_a
Os elos da matematica/v.3
362
0
_a
1899
440
1
_a
Saraiva
697
_a
PARADIDATICO
942
_c
BK
999
_c
162171
_d
162171